000
00278nam a22001337a 4500
999
_c
167651
_d
167651
020
_a
082
_a
_b
100
_a
Augusta Klein
245
_a
Legends and myths of spiritual India/
_c
by Augusta Klein.
260
_a
_b
_c
300
_a
650
_a
942
_c
BK